[Event "36th ECC Open 2021"]
[Site "Struga MKD"]
[Date "2021.09.19"]
[Round "2.15"]
[Board "6"]
[White "Winkels, Marcel"]
[Black "Walker, Samuel A"]
[Result "1/2-1/2"]
[WhiteTitle "CM"]
[WhiteElo "1992"]
[BlackElo "2048"]
[WhiteTeam "Zuid-Limburg"]
[BlackTeam "Sussex Martlets"]
[WhiteFideId "1003887"]
[BlackFideId "412813"]
[EventDate "2021.09.18"]
[EventType "team"]

1. e4 c5 2. Nf3 Nc6 3. d4 cxd4 4. Nxd4 Nf6 5. Nc3 e5 6. Ndb5 d6 7. Bg5 a6 8. Na3
b5 9. Bxf6 gxf6 10. Nd5 Bg7 11. c3 f5 12. exf5 Bxf5 13. Nc2 O-O 14. Nce3 Be6 15.
Bd3 f5 16. Qh5 e4 17. Bc2 Ne7 18. Rd1 Rc8 19. O-O Rc5 20. Nf4 Bf7 21. Qh3 Qc8
22. Ne2 Be5 23. f4 Bg7 24. Bb3 Bxb3 25. axb3 Qe6 26. b4 Rc6 27. Rd2 d5 28. Rfd1
Rd6 29. Nd4 Qd7 30. g3 Qa7 31. Kh1 Bxd4 32. Rxd4 a5 33. bxa5 Qxa5 34. Qf1 Rfd8
35. Qe2 Qa7 36. Qh5 Qd7 37. h3 Qe6 38. Nc2 Nc6 39. R4d2 e3 40. Re2 d4 41. cxd4
Nxd4 42. Qg5+ Kf7 43. Qh5+ Kg7 44. Qg5+ Kf7 45. Nxd4 Rxd4 46. Qh5+ Kg7 47. Qg5+
Kf7 48. Qh5+ Kg7 49. Qg5+ Kf7 50. Qh5+ Kg7 1/2-1/2

[Event "36th ECC Open 2021"]
[Site "Struga MKD"]
[Date "2021.09.19"]
[Round "2.16"]
[Board "1"]
[White "Saraci, Nderim"]
[Black "Cramling, Dan"]
[Result "1-0"]
[WhiteTitle "IM"]
[BlackTitle "IM"]
[WhiteElo "2466"]
[BlackElo "2292"]
[WhiteTeam "Drejtesia"]
[BlackTeam "Wasa SK"]
[WhiteFideId "6351921"]
[BlackFideId "1700162"]
[EventDate "2021.09.18"]
[EventType "team"]

1. Nf3 c5 2. e4 e6 3. g3 Nf6 4. d3 d5 5. Nbd2 b6 6. Bg2 dxe4 7. Ne5 Bb7 8. dxe4
Qc7 9. Ng4 Nxg4 10. Qxg4 h5 11. Qe2 Nc6 12. c3 O-O-O 13. Nf3 Be7 14. Bf4 Bd6 15.
Bxd6 Qxd6 16. O-O Qd3 17. Qe1 Ba6 18. Qc1 f6 19. Re1 Kc7 20. e5 f5 21. Ng5 Qd7
22. b4 c4 23. a4 Bb7 24. Qf4 Kb8 25. Qxc4 Rhe8 26. a5 Rc8 27. axb6 axb6 28. Red1
Qe7 29. h4 Nxe5 30. Qb5 Nc6 31. Qxb6 Qc7 32. Qc5 Qe5 33. Nf7 Qxc5 34. bxc5 1-0

[Event "36th ECC Open 2021"]
[Site "Struga MKD"]
[Date "2021.09.19"]
[Round "2.16"]
[Board "2"]
[White "Nordstrom, Felix"]
[Black "Makolli, Perparim"]
[Result "0-1"]
[WhiteTitle "FM"]
[BlackTitle "FM"]
[WhiteElo "2083"]
[BlackElo "2249"]
[WhiteTeam "Wasa SK"]
[BlackTeam "Drejtesia"]
[WhiteFideId "1701509"]
[BlackFideId "908630"]
[EventDate "2021.09.18"]
[EventType "team"]

1. d4 d5 2. c4 dxc4 3. Nf3 a6 4. e3 Bg4 5. Bxc4 e6 6. h3 Bh5 7. O-O Nc6 8. Be2
Nf6 9. Nc3 Bd6 10. Ne5 Nxe5 11. Bxh5 Ng6 12. Bf3 c6 13. e4 e5 14. dxe5 Bxe5 15.
Qc2 O-O 16. g3 h5 17. Bg2 h4 18. g4 Nf4 19. Ne2 Qc7 20. Nxf4 Bxf4 21. Bxf4 Qxf4
22. Qc1 g5 23. Qxf4 gxf4 24. e5 Nh7 25. Rfe1 Ng5 26. Rac1 Rfd8 27. Rc4 f3 28.
Bf1 Rd2 29. Rb4 Rad8 30. Rxb7 Rd1 31. Rxd1 Rxd1 32. Rb3 Nxh3+ 33. Kh2 Rxf1 34.
Rxf3 Rxf2+ 35. Rxf2 Nxf2 0-1

[Event "36th ECC Open 2021"]
[Site "Struga MKD"]
[Date "2021.09.19"]
[Round "2.16"]
[Board "3"]
[White "Bajraktari, Perparim"]
[Black "Wenzel, Birger"]
[Result "1-0"]
[WhiteElo "2196"]
[BlackElo "1974"]
[WhiteTeam "Drejtesia"]
[BlackTeam "Wasa SK"]
[WhiteFideId "1307711"]
[BlackFideId "4657497"]
[EventDate "2021.09.18"]
[EventType "team"]

1. c4 e5 2. Nc3 Bb4 3. g3 Bxc3 4. bxc3 Nf6 5. Bg2 O-O 6. Rb1 e4 7. Nh3 Re8 8.
O-O c5 9. Nf4 d5 10. cxd5 Nxd5 11. Nxd5 Qxd5 12. d3 Qxa2 13. Rb2 Qe6 14. Bxe4
Nc6 15. Bg2 Qf6 16. Be3 Qxc3 17. Rc2 Qf6 18. Rxc5 Bd7 19. d4 b6 20. Rd5 Qe7 21.
Rh5 g6 22. Rh4 Rac8 23. d5 Na5 24. d6 Qe5 25. Re4 Qb5 26. Qa1 Rxe4 27. Bxe4 Qc4
28. Rc1 Qe6 29. Rxc8+ Bxc8 30. Bh6 f6 31. Bd5 Qxd5 32. Qxf6 Qd1+ 33. Kg2 Bb7+
34. Kh3 Bc8+ 35. Kh4 Qa4+ 36. f4 g5+ 37. Kxg5 Qb5+ 38. Kh4 Qf5 39. Qg7# 1-0

[Event "36th ECC Open 2021"]
[Site "Struga MKD"]
[Date "2021.09.19"]
[Round "2.16"]
[Board "4"]
[White "Andric, Jelena"]
[Black "Asllani, Muhamet"]
[Result "0-1"]
[WhiteTitle "WFM"]
[WhiteElo "2056"]
[BlackElo "2225"]
[WhiteTeam "Wasa SK"]
[BlackTeam "Drejtesia"]
[WhiteFideId "919853"]
[BlackFideId "22100300"]
[EventDate "2021.09.18"]
[EventType "team"]

1. c4 e5 2. Nc3 Nc6 3. g3 Bc5 4. Bg2 Nf6 5. e3 d6 6. Nge2 Bg4 7. h3 Bh5 8. g4
Bg6 9. d4 Bb6 10. d5 Ne7 11. g5 Nd7 12. h4 f6 13. gxf6 Nxf6 14. Ng3 Nf5 15. Nxf5
Bxf5 16. e4 Bg4 17. Qd3 O-O 18. f3 Bd7 19. h5 h6 20. Ne2 Nh7 21. Bd2 a5 22.
O-O-O Bc5 23. Rdf1 Rb8 24. Nc3 Qe8 25. Nb5 Qe7 26. Nc3 Nf6 27. f4 Ng4 28. Qg3
exf4 29. Bxf4 Qf6 30. Ne2 b5 31. Bd2 Nf2 32. Rh4 bxc4 33. Bc3 Nd3+ 34. Kb1 Rxb2+
35. Ka1 Qxf1+ 36. Bxf1 Rxf1+ 37. Be1 Rxe2 0-1

[Event "36th ECC Open 2021"]
[Site "Struga MKD"]
[Date "2021.09.19"]
[Round "2.16"]
[Board "5"]
[White "Zymberi, Astrit"]
[Black "Eriksson, Lennarth"]
[Result "0-1"]
[WhiteElo "2107"]
[BlackElo "1941"]
[WhiteTeam "Drejtesia"]
[BlackTeam "Wasa SK"]
[WhiteFideId "4700295"]
[BlackFideId "1707736"]
[EventDate "2021.09.18"]
[EventType "team"]

1. d4 Nf6 2. c4 c5 3. d5 e6 4. Nc3 exd5 5. cxd5 Bd6 6. g3 Bc7 7. Bg2 d6 8. Nf3
Ba5 9. O-O O-O 10. Nd2 Bxc3 11. bxc3 Re8 12. c4 Nbd7 13. Bb2 Ne5 14. h3 Bd7 15.
a4 b6 16. Qc2 a6 17. f4 Neg4 18. hxg4 Rxe2 19. g5 Qe8 20. Ra3 Ng4 21. Bf3 Re3
22. Rxe3 Qxe3+ 23. Kg2 Bxa4 24. Qc1 h5 25. Bxg4 hxg4 26. Qc3 Qxc3 27. Bxc3 b5
28. Ra1 Re8 29. Kf2 Bc2 30. Rxa6 b4 31. Ba1 Bd3 32. Nb3 Bxc4 33. Rxd6 Re2+ 34.
Kg1 Bxb3 35. Be5 c4 36. Rb6 c3 37. Rb8+ Kh7 38. Rxb4 c2 39. Bb2 Bxd5 40. Rb5
Re1+ 41. Kf2 Rb1 0-1

[Event "36th ECC Open 2021"]
[Site "Struga MKD"]
[Date "2021.09.19"]
[Round "2.16"]
[Board "6"]
[White "Minovski, Gjorgji"]
[Black "Bahtiri, Sabri"]
[Result "1/2-1/2"]
[WhiteElo "1917"]
[BlackElo "2010"]
[WhiteTeam "Wasa SK"]
[BlackTeam "Drejtesia"]
[WhiteFideId "15003205"]
[BlackFideId "3600114"]
[EventDate "2021.09.18"]
[EventType "team"]

1. e4 c5 2. Bc4 Nc6 3. Nf3 g6 4. O-O Bg7 5. d3 Nf6 6. Nc3 O-O 7. Bg5 d6 8. h3 a6
9. a4 Rb8 10. Qd2 Na5 11. Bh6 Nxc4 12. dxc4 Be6 13. b3 Qd7 14. Bxg7 Kxg7 15. Ng5
h6 16. Nxe6+ Qxe6 17. Rae1 Qd7 18. f4 e5 19. g4 Rbd8 20. Qf2 Qe7 21. Nd5 Nxd5
22. exd5 f6 23. f5 g5 24. Re4 Rh8 25. h4 Qf7 26. h5 Qd7 27. Qd2 Ra8 28. a5 Rhb8
29. Ra1 Qc7 30. Kf2 b5 31. axb6 Qxb6 32. Qa5 Kf7 33. Kf3 Ke7 34. Ree1 Kd7 35.
Qxb6 Rxb6 36. Ra5 1/2-1/2

[Event "36th ECC Open 2021"]
[Site "Struga MKD"]
[Date "2021.09.19"]
[Round "2.17"]
[Board "1"]
[White "Schreiner, Peter"]
[Black "Noe, Christopher"]
[Result "1/2-1/2"]
[WhiteTitle "IM"]
[BlackTitle "IM"]
[WhiteElo "2440"]
[BlackElo "2518"]
[WhiteTeam "SV Raika Rapid Feffernitz"]
[BlackTeam "De Sprenger Echternach"]
[WhiteFideId "1621645"]
[BlackFideId "24692018"]
[EventDate "2021.09.18"]
[EventType "team"]

1. d4 Nf6 2. Nf3 e6 3. g3 c5 4. Bg2 cxd4 5. Nxd4 d5 6. c4 e5 7. Nf3 e4 8. Nd4
dxc4 9. O-O Bc5 10. Qa4+ Qd7 11. Nb5 O-O 12. Qxc4 Qc6 13. Nd4 Be6 14. Qxe6 Bxd4
15. Qxc6 Nxc6 16. e3 Bb6 17. Nc3 Rfe8 18. Rd1 Nb4 19. a3 Na6 20. Bd2 Nc5 21. Be1
Nb3 22. Rab1 Re5 23. Bf1 Rc8 24. Nb5 Rc2 25. Nd6 Nc5 26. Bc3 Rd5 27. Bc4 Rxd1+
28. Rxd1 Ng4 29. Nxf7 Nxf2 30. Ng5+ Kh8 31. Nf7+ Kg8 32. Ng5+ 1/2-1/2

[Event "36th ECC Open 2021"]
[Site "Struga MKD"]
[Date "2021.09.19"]
[Round "2.17"]
[Board "2"]
[White "Hammes, Michael"]
[Black "Diermair, Andreas"]
[Result "0-1"]
[WhiteTitle "IM"]
[BlackTitle "GM"]
[WhiteElo "2345"]
[BlackElo "2480"]
[WhiteTeam "De Sprenger Echternach"]
[BlackTeam "SV Raika Rapid Feffernitz"]
[WhiteFideId "4619358"]
[BlackFideId "1612468"]
[EventDate "2021.09.18"]
[EventType "team"]

1. d4 Nf6 2. c4 e6 3. Nf3 d5 4. Nc3 c6 5. e3 Nbd7 6. Qc2 Bd6 7. Be2 O-O 8. b3 b6
9. O-O Bb7 10. Bb2 Qe7 11. Rad1 Rad8 12. e4 dxe4 13. Nxe4 Nxe4 14. Qxe4 f5 15.
Qb1 c5 16. Rfe1 cxd4 17. Nxd4 Bb4 18. Rf1 Ne5 19. f4 Ng6 20. Qc1 Bc5 21. Kh1 e5
22. fxe5 Qxe5 23. Bf3 Bd6 24. g3 Bxf3+ 25. Nxf3 Qe4 26. Rde1 Qb7 27. Qc2 f4 28.
Qg2 fxg3 29. hxg3 Bb4 30. Re2 Bc5 31. Nh2 Rxf1+ 32. Nxf1 Qf7 33. Rd2 Rf8 34. Nh2
Ne7 35. Qe4 Nf5 36. Be5 Re8 37. Rd3 Bd6 38. Ng4 h5 39. Rf3 hxg4 40. Rxf5 Qe6 0-1

[Event "36th ECC Open 2021"]
[Site "Struga MKD"]
[Date "2021.09.19"]
[Round "2.17"]
[Board "3"]
[White "Pacher, Simon"]
[Black "Gibicar, Danijel"]
[Result "1/2-1/2"]
[BlackTitle "FM"]
[WhiteElo "1992"]
[BlackElo "2271"]
[WhiteTeam "SV Raika Rapid Feffernitz"]
[BlackTeam "De Sprenger Echternach"]
[WhiteFideId "1621084"]
[BlackFideId "24660256"]
[EventDate "2021.09.18"]
[EventType "team"]

1. e4 e6 2. d4 d5 3. Nc3 Bb4 4. exd5 exd5 5. Bd3 Nc6 6. Ne2 Nf6 7. O-O O-O 8.
Bg5 Be7 9. a3 Re8 10. h3 h6 11. Be3 a6 12. Ng3 Bd6 13. Qf3 Be6 14. Nce2 Nh7 15.
c3 Ng5 16. Qh5 Qf6 17. f4 Nh7 18. Qf3 Bd7 19. Bd2 Ne7 20. Rae1 Bb5 21. Bc2 Qh4
22. a4 Bd7 23. Nh5 g6 24. Nhg3 f5 25. Nc1 Nf6 26. Bb3 Kg7 27. Re2 Ne4 28. Be1
Qf6 29. Nd3 c6 30. Ne5 Be6 31. Nh1 Kh7 32. Bc2 Qg7 33. g4 Bxe5 34. fxe5 Rf8 35.
Qg2 Rf7 36. Bh4 g5 37. Be1 Raf8 38. Ng3 Nxg3 39. Qxg3 Kh8 40. gxf5 Nxf5 41. Bxf5
Rxf5 42. Rxf5 Rxf5 43. Rf2 1/2-1/2

[Event "36th ECC Open 2021"]
[Site "Struga MKD"]
[Date "2021.09.19"]
[Round "2.17"]
[Board "4"]
[White "Gnichtel, Gerd"]
[Black "Loescher, Leon"]
[Result "1/2-1/2"]
[WhiteElo "2136"]
[BlackElo "1847"]
[WhiteTeam "De Sprenger Echternach"]
[BlackTeam "SV Raika Rapid Feffernitz"]
[WhiteFideId "4637127"]
[BlackFideId "1623915"]
[EventDate "2021.09.18"]
[EventType "team"]

1. d4 d5 2. c4 e6 3. Nc3 Nf6 4. cxd5 exd5 5. Bg5 Be7 6. e3 Nbd7 7. Bd3 Nf8 8.
Nge2 Ne6 9. Bh4 c6 10. Qc2 g6 11. f3 Qb6 12. Bf2 O-O 13. O-O c5 14. dxc5 Nxc5
15. e4 dxe4 16. Bxe4 Qa6 17. Nd5 Nxd5 18. Bxd5 Bf5 19. Qd2 Rad8 20. Nc3 Na4 21.
Rad1 Bb4 22. Qd4 Bxc3 23. bxc3 Rxd5 24. Qxd5 Nxc3 25. Qe5 Nxd1 26. Rxd1 Qxa2 27.
Bc5 f6 28. Qc7 Qf7 29. Qd6 a5 30. Qxf8+ Qxf8 31. Bxf8 Kxf8 32. Rd8+ Ke7 33. Rb8
a4 34. Rxb7+ Bd7 35. Kf2 Kd6 36. Ke3 h5 37. Kd4 Be6 38. Rb6+ Ke7 39. Rb7+ Kd6
40. Rb6+ Ke7 41. Ra6 Bb3 42. f4 Bc2 43. g3 Bb3 44. h3 Bd1 45. Kc5 Bc2 46. g4
hxg4 47. hxg4 g5 48. f5 Bd1 1/2-1/2

[Event "36th ECC Open 2021"]
[Site "Struga MKD"]
[Date "2021.09.19"]
[Round "2.17"]
[Board "5"]
[White "Tscharnuter, Noah"]
[Black "Sparwel, Oliver"]
[Result "1-0"]
[WhiteElo "1897"]
[BlackElo "2013"]
[WhiteTeam "SV Raika Rapid Feffernitz"]
[BlackTeam "De Sprenger Echternach"]
[WhiteFideId "1636235"]
[BlackFideId "4002660"]
[EventDate "2021.09.18"]
[EventType "team"]

1. e4 d6 2. d4 Nf6 3. Nc3 g6 4. f4 Bg7 5. Nf3 O-O 6. e5 Ne8 7. Be3 Bg4 8. h3
Bxf3 9. Qxf3 c6 10. Bc4 e6 11. h4 d5 12. Bd3 f5 13. h5 h6 14. g4 gxh5 15. gxf5
exf5 16. Rxh5 Nc7 17. O-O-O Nd7 18. Rg1 Kh8 19. Qh3 Rf7 20. Bxf5 Nf8 21. Qg4 Nh7
22. Bxh7 Kxh7 23. Qg6+ Kg8 24. f5 Ne8 25. Bxh6 Kf8 26. Bxg7+ 1-0

[Event "36th ECC Open 2021"]
[Site "Struga MKD"]
[Date "2021.09.19"]
[Round "2.17"]
[Board "6"]
[White "Schwab, Patrick"]
[Black "Valtiner, Adamo"]
[Result "0-1"]
[WhiteElo "1848"]
[BlackElo "1946"]
[WhiteTeam "De Sprenger Echternach"]
[BlackTeam "SV Raika Rapid Feffernitz"]
[WhiteFideId "4002490"]
[BlackFideId "1647962"]
[EventDate "2021.09.18"]
[EventType "team"]

1. d4 Nf6 2. Nf3 c5 3. c4 cxd4 4. Nxd4 Nc6 5. Nc3 e5 6. Nf3 h6 7. g3 Bb4 8. Bd2
e4 9. Nh4 Bc5 10. Bh3 g5 11. Nf5 d6 12. g4 h5 13. Bxg5 hxg4 14. Bxg4 Ne5 15.
Ng7+ Kf8 16. Bxc8 Rxc8 17. Nxe4 Nxe4 18. Bxd8 Bxf2+ 19. Kf1 Kxg7 20. Be7 Nxc4
21. Rg1+ Kh7 22. Bg5 Rhg8 23. Qd3 Nd2+ 24. Qxd2 Nxd2+ 25. Kxf2 Rxg5 0-1

[Event "36th ECC Open 2021"]
[Site "Struga MKD"]
[Date "2021.09.19"]
[Round "2.18"]
[Board "1"]
[White "Haria, Ravi"]
[Black "Bosboom, Manuel"]
[Result "1-0"]
[WhiteTitle "IM"]
[BlackTitle "IM"]
[WhiteElo "2465"]
[BlackElo "2395"]
[WhiteTeam "Gonzaga"]
[BlackTeam "En Passant"]
[WhiteFideId "415820"]
[BlackFideId "1000080"]
[EventDate "2021.09.18"]
[EventType "team"]

1. e4 c5 2. Nf3 e6 3. g3 b6 4. d4 cxd4 5. Nxd4 Bb7 6. Bg2 Nf6 7. Nc3 Bb4 8. O-O
Bxc3 9. bxc3 Bxe4 10. Bxe4 Nxe4 11. Qg4 f5 12. Qxg7 Qf6 13. Nxe6 dxe6 14. Qb7
Qe7 15. Qc8+ Qd8 16. Qxe6+ Qe7 17. Qc8+ Qd8 18. Qxf5 Nf6 19. Bg5 Nbd7 20. Rad1
O-O 21. Bxf6 Qxf6 22. Qg4+ Kh8 23. Rxd7 Rac8 24. Qe4 1-0

[Event "36th ECC Open 2021"]
[Site "Struga MKD"]
[Date "2021.09.19"]
[Round "2.18"]
[Board "2"]
[White "De Graaf, Dick"]
[Black "O'Donnell, Conor"]
[Result "0-1"]
[BlackTitle "FM"]
[WhiteElo "2076"]
[BlackElo "2303"]
[WhiteTeam "En Passant"]
[BlackTeam "Gonzaga"]
[WhiteFideId "1005677"]
[BlackFideId "2504243"]
[EventDate "2021.09.18"]
[EventType "team"]

1. e4 e6 2. d4 d5 3. Nd2 c5 4. Ngf3 cxd4 5. exd5 Qxd5 6. Bc4 Qd7 7. O-O Nf6 8.
Ne5 Qc7 9. Ndf3 Bd6 10. Bb5+ Nfd7 11. Qxd4 O-O 12. Nxd7 Bxd7 13. Bxd7 Qxd7 14.
Bf4 Bxf4 15. Qxf4 Rd8 16. Rfe1 Nc6 17. h3 h6 18. c3 Qd5 19. b3 Rac8 20. c4 Qa5
21. Red1 a6 22. a3 Qc3 23. Rdc1 Qxb3 24. Rab1 Qxa3 25. Rxb7 Rf8 26. Rd1 Na5 27.
Rc7 e5 28. Qxe5 Nxc4 29. Qf4 Rxc7 30. Qxc7 Nb2 31. Rd7 Nd3 32. Qc2 Qa1+ 33. Kh2
Ne5 34. Nxe5 Qxe5+ 35. g3 Qf6 36. Qd2 Re8 37. Qc2 g6 0-1

[Event "36th ECC Open 2021"]
[Site "Struga MKD"]
[Date "2021.09.19"]
[Round "2.18"]
[Board "3"]
[White "Kanyamarala, Tarun"]
[Black "Van Twillert, Laurents"]
[Result "1-0"]
[WhiteTitle "FM"]
[BlackTitle "CM"]
[WhiteElo "2275"]
[BlackElo "2082"]
[WhiteTeam "Gonzaga"]
[BlackTeam "En Passant"]
[WhiteFideId "45004714"]
[BlackFideId "1009800"]
[EventDate "2021.09.18"]
[EventType "team"]

1. d4 d5 2. c4 c6 3. Nf3 Nf6 4. Nc3 e6 5. Qd3 Nbd7 6. g3 Bd6 7. Bg2 O-O 8. O-O
dxc4 9. Qxc4 e5 10. Rd1 Qe7 11. Qb3 exd4 12. Nxd4 Bc5 13. h3 Ne5 14. Be3 Rb8 15.
Na4 Bxd4 16. Bxd4 Be6 17. Qc2 Ned7 18. Nc5 Rfd8 19. e3 Nxc5 20. Bxc5 Qe8 21. f4
Nd7 22. Bd6 1-0

[Event "36th ECC Open 2021"]
[Site "Struga MKD"]
[Date "2021.09.19"]
[Round "2.18"]
[Board "4"]
[White "Reichardt, Robin"]
[Black "Kanyamarala, Trisha"]
[Result "0-1"]
[BlackTitle "WIM"]
[WhiteElo "2051"]
[BlackElo "2093"]
[WhiteTeam "En Passant"]
[BlackTeam "Gonzaga"]
[WhiteFideId "1051067"]
[BlackFideId "45004722"]
[EventDate "2021.09.18"]
[EventType "team"]

1. d4 Nf6 2. Nf3 d5 3. c4 e6 4. Bg5 Bb4+ 5. Nbd2 dxc4 6. e3 b5 7. Be2 Bb7 8. O-O
c6 9. Ne4 Nbd7 10. a4 a6 11. Qc2 Be7 12. Rfd1 Nxe4 13. Bxe7 Qxe7 14. Qxe4 Nb6
15. Qc2 O-O 16. Nd2 e5 17. Ne4 exd4 18. exd4 Rfe8 19. Ng3 Rad8 20. Ra3 Nd5 21.
Bf3 Nf4 22. Qf5 Nd3 23. axb5 cxb5 24. Bxb7 Qxb7 25. Rda1 Re6 26. Qg5 Rd5 27. Nf5
g6 28. Nh6+ Kg7 29. Qd2 f5 30. g4 f4 31. Rxd3 cxd3 32. Qxf4 Rf6 33. Qe3 Qd7 34.
g5 Re6 35. Qf3 Rxg5+ 0-1

[Event "36th ECC Open 2021"]
[Site "Struga MKD"]
[Date "2021.09.19"]
[Round "2.18"]
[Board "6"]
[White "Reichardt, Thomas"]
[Black "Carroll, Peter"]
[Result "0-1"]
[BlackTitle "CM"]
[WhiteElo "1793"]
[BlackElo "2059"]
[WhiteTeam "En Passant"]
[BlackTeam "Gonzaga"]
[WhiteFideId "1046586"]
[BlackFideId "2510243"]
[EventDate "2021.09.18"]
[EventType "team"]

1. e4 c5 2. Nf3 d6 3. d4 cxd4 4. Nxd4 Nf6 5. Nc3 a6 6. Bc4 e6 7. O-O b5 8. Bb3
Be7 9. a3 O-O 10. f3 Nbd7 11. Be3 Bb7 12. Qe2 Qc7 13. Rfe1 Rac8 14. Rad1 Nb6 15.
Bf2 Nc4 16. Bxc4 Qxc4 17. Nb3 Qxe2 18. Rxe2 d5 19. exd5 Rxc3 20. bxc3 Nxd5 21.
Ree1 Rc8 22. Bd4 Bxa3 23. Rd3 Be7 24. Ra1 f6 25. Na5 Ba8 26. Nb3 Rc6 27. Na5 Rc7
28. Nb3 Bb7 29. Na5 Bc8 30. Re1 Kf7 31. Nb3 Nf4 32. Rde3 e5 33. Bb6 Rc6 34. Ba5
Be6 35. Re4 Bd5 36. Rxf4 exf4 37. Kf1 g5 38. Ke2 Re6+ 39. Kd2 Rxe1 40. Kxe1 h5
41. Bc7 Ke6 42. Bb6 Kd7 43. Nd4 Bd8 44. Bc5 Bc4 45. Nf5 a5 46. Nd4 a4 47. Nf5 h4
48. h3 Ba5 0-1

[Event "36th ECC Open 2021"]
[Site "Struga MKD"]
[Date "2021.09.19"]
[Round "2.19"]
[Board "1"]
[White "Putar, Leon"]
[Black "Jepson, Christian"]
[Result "0-1"]
[BlackTitle "IM"]
[WhiteElo "1918"]
[BlackElo "2407"]
[WhiteTeam "St Benildus"]
[BlackTeam "Nordkalotten"]
[WhiteFideId "14546612"]
[BlackFideId "1701185"]
[EventDate "2021.09.18"]
[EventType "team"]

1. e4 g6 2. d4 Bg7 3. Nc3 c6 4. f4 d5 5. Be3 Nh6 6. Nf3 O-O 7. e5 f6 8. Bd3 c5
9. dxc5 Ng4 10. Qe2 fxe5 11. Nxd5 Nxe3 12. Nxe3 Qa5+ 13. c3 exf4 14. Nd5 Nc6 15.
b4 Qd8 16. O-O-O Kh8 17. Bc4 Bd7 18. b5 Na5 19. Rhe1 e6 20. Nb4 Qe8 21. Qd3 Nxc4
22. Qxd7 Ne3 23. Qxb7 Rb8 24. Qxa7 Qxb5 25. Rd7 Qc4 26. Rxe3 fxe3 27. Rxg7 Qxc3+
28. Kd1 Qxg7 29. Qxg7+ Kxg7 30. a3 Ra8 31. Nc2 Rfc8 32. Nfd4 e5 33. Nb3 Rcb8 34.
Nc1 Rb1 35. c6 Rd8+ 36. Ke2 Rd2+ 37. Kxe3 Rxc2 38. Nd3 Rb3 39. a4 Rcc3 40. c7
Rxd3+ 0-1

[Event "36th ECC Open 2021"]
[Site "Struga MKD"]
[Date "2021.09.19"]
[Round "2.19"]
[Board "2"]
[White "Kristensen, Kaare Hove"]
[Black "Putar, Lara"]
[Result "1-0"]
[WhiteTitle "IM"]
[WhiteElo "2336"]
[BlackElo "1930"]
[WhiteTeam "Nordkalotten"]
[BlackTeam "St Benildus"]
[WhiteFideId "1400940"]
[BlackFideId "14546604"]
[EventDate "2021.09.18"]
[EventType "team"]

1. c4 Nf6 2. Nf3 g6 3. Nc3 Bg7 4. e4 d6 5. d4 O-O 6. Be2 Nbd7 7. O-O e5 8. Be3
Re8 9. d5 a5 10. a3 Nc5 11. Nd2 c6 12. b4 cxd5 13. cxd5 axb4 14. axb4 Rxa1 15.
Qxa1 Ncd7 16. Nb5 Qe7 17. Rc1 Nb8 18. Na7 Qf8 19. Qc3 Bd7 20. f3 Nh5 21. Nc4 Nf4
22. Bf1 f5 23. Na5 fxe4 24. fxe4 Bg4 25. Nxb7 Be2 26. Qd2 Bxf1 27. Rxf1 Qe7 28.
Na5 Rf8 29. N7c6 Nxc6 30. Nxc6 Qg5 31. Bxf4 exf4 32. g3 Bh6 33. Rxf4 Rf7 34. Qf2
Rxf4 35. Qxf4 Qh5 36. Qf1 Qg4 37. Qd3 Qg5 38. Kg2 Qc1 39. b5 g5 40. Kh3 Bg7 41.
Kg4 Qg1 42. Qe2 Bf6 43. Kf5 Kg7 44. Ke6 Qb6 45. Qh5 Qc7 46. Qe8 g4 47. Qd7+ 1-0

[Event "36th ECC Open 2021"]
[Site "Struga MKD"]
[Date "2021.09.19"]
[Round "2.19"]
[Board "3"]
[White "Healy, John"]
[Black "Sylvan, Jacob"]
[Result "0-1"]
[BlackTitle "IM"]
[WhiteElo "1889"]
[BlackElo "2307"]
[WhiteTeam "St Benildus"]
[BlackTeam "Nordkalotten"]
[WhiteFideId "2500965"]
[BlackFideId "1402137"]
[EventDate "2021.09.18"]
[EventType "team"]

1. e4 c5 2. Nc3 Nc6 3. Bb5 Nd4 4. Bc4 a6 5. d3 e6 6. Nge2 b5 7. Bb3 Nxb3 8. axb3
Bb7 9. O-O Nf6 10. Bg5 d6 11. f4 Be7 12. Ng3 h6 13. Bxf6 Bxf6 14. f5 Bd4+ 15.
Kh1 Qh4 16. fxe6 fxe6 17. Nh5 Be5 18. g3 Qg5 19. Qf3 O-O-O 20. h4 Qe7 21. Nf4
Bxf4 22. Qxf4 Rhf8 23. Qg4 Kc7 24. Kg1 b4 25. Na4 e5 26. Rxf8 Rxf8 27. Rf1 Bc8
28. Qd1 Bh3 29. Rxf8 Qxf8 30. Qe2 Qf6 31. d4 exd4 32. Qxa6 Qf3 33. Qb6+ Kd7 34.
Nxc5+ dxc5 35. Qb7+ Ke8 36. Qb8+ Kf7 37. Qc7+ Kg8 0-1

[Event "36th ECC Open 2021"]
[Site "Struga MKD"]
[Date "2021.09.19"]
[Round "2.19"]
[Board "4"]
[White "Hove, Esben Kjems"]
[Black "Burke, Kevin A."]
[Result "1-0"]
[WhiteTitle "FM"]
[WhiteElo "2315"]
[BlackElo "1883"]
[WhiteTeam "Nordkalotten"]
[BlackTeam "St Benildus"]
[WhiteFideId "1401505"]
[BlackFideId "2501520"]
[EventDate "2021.09.18"]
[EventType "team"]

1. d4 e6 2. Nf3 f5 3. g3 Nf6 4. Bg2 Be7 5. O-O O-O 6. c4 d6 7. Nc3 Qe8 8. Qc2
Qh5 9. e4 e5 10. dxe5 dxe5 11. Nd5 Nxd5 12. cxd5 Bd6 13. exf5 Bxf5 14. Qc3 Be4
15. Ng5 Bxg2 16. Kxg2 Nd7 17. f3 Rac8 18. Be3 Qg6 19. Rac1 h6 20. Ne4 a6 21. Qc2
Be7 22. Qb3 Kh7 23. Qxb7 Rb8 24. Qxc7 Rxb2+ 25. Rc2 Rxc2+ 26. Qxc2 Rd8 27. Rd1
Bd6 28. Qd3 a5 29. Nxd6 1-0